000
00295nam a2200121Ia 4500
999
_c
6772
_d
6772
008
191201s2013 xx 000 0 und d
100
_a
AUSTENS, Jane
245
0
_a
Pride and Prejudice
260
_b
KALYANI MEDIA PVT. LTD.
_c
2013
300
_a
107
650
_a
General Books
942
_2
ddc
_c
BK